Meeting the needs of gifted and talented students (Record no. 240304)
[ view plain ]
| 000 -LEADER | |
|---|---|
| fixed length control field | 01934nam a2200349 a 4500 |
| 082 04 - DEWEY DECIMAL CLASSIFICATION NUMBER | |
| Classification number | 371.950941 |
| 100 1# - MAIN ENTRY--AUTHOR NAME | |
| Personal name | Goodhew, Gwen. |
| 245 10 - TITLE STATEMENT | |
| Title | Meeting the needs of gifted and talented students |
| 260 ## - PUBLICATION, DISTRIBUTION, ETC. (IMPRINT) | |
| Place of publication | London ; |
| -- | New York : |
| Name of publisher | Network Continuum, |
| Year of publication | 2009. |
| 300 ## - PHYSICAL DESCRIPTION | |
| Number of Pages | x, 147 p. : |
| Other physical details | ill. |
| 490 1# - SERIES STATEMENT | |
| Series statement | Meeting the needs series |
| 505 0# - FORMATTED CONTENTS NOTE | |
| Formatted contents note | Introduction -- What do we mean by gifted, talented and exceptionally able? -- Identifying gifted and talented children -- School-wide strategies for supporting gifted and talented children -- Providing for gifted and talented pupils at classroom level -- Three important issues: exceptional ability (EA); literacy; ICT -- Gifted and talented children with additional needs -- Appendix 1. Institutional quality standards in gifted and talented education -- Appendix 2. Acceleration checklist -- Appendix 3. Opportunities and support for gifted and talented students -- Appendix 4. Essential online resources for teachers. |
| 650 #0 - SUBJECT ADDED ENTRY--TOPICAL TERM | |
| Topical Term | Gifted children |
| 856 40 - ELECTRONIC LOCATION AND ACCESS | |
| Uniform Resource Identifier | http://site.ebrary.com/lib/rucke/Doc?id=10427162 |
No items available.
